000 00553nam a2200217Ii 4500
003 JO-AjNU
008 230606s9999||||xx |||||||||||||| ||und||
020 _a978-1-29202-362-5
040 _aJO-AjNU
_beng
_erda
_cJO-AjNU
041 _aeng
050 1 4 _aQA611.M82.2014
100 3 _aMunkres,James,
_eauthor
_93919
245 0 0 _aTopology
250 _a2 ed
264 3 1 _aPearson,2014
300 _a501p
336 _atext
_btxt
_2rdacontent
337 _aunmediated
_bn
_2rdamedia
338 _avolume
_bnc
_2rdacarrier
650 4 _aTopology
_93920
999 _aE2043
_c2042
_d2042